Mystery shopping bakalárska práca

Na minha lista:
Detalhes bibliográficos
Autor principal: Milošovičová, Katarína
Autor Corporativo: Obchodná fakulta EU. Katedra marketingu
Outros Autores: Čvirik, Marián, 1992-
Formato: Livro
Idioma:eslovaco
Publicado em: Bratislava 2022
Tags: Adicionar Tag
Sem tags, seja o primeiro a adicionar uma tag!

MARC

LEADER 00000nbm a2200000 4500
001 0285788
005 20230103132654.5
041 0 |a slo 
044 |a SK 
245 1 0 |a Mystery shopping  |b bakalárska práca  |c Katarína Milošovičová ; školiteľ: Marián Čvirik 
264 1 |a Bratislava  |c 2022 
300 |a 58 s. 
100 1 |a Milošovičová, Katarína 
700 1 |a Čvirik, Marián, 1992- 
710 2 |a Obchodná fakulta EU. Katedra marketingu